| 000 | 00693nam a2200193 a 4500 | ||
|---|---|---|---|
| 001 | 0879 | ||
| 005 | 20140414131850.0 | ||
| 008 | 041004s19uu xx 00 eng d | ||
| 020 | _a0-86592-111-3 | ||
| 050 |
_aM 567.9 _bSh3 1981 |
||
| 100 | _aSheehan, Angela | ||
| 245 |
_aBrontosaurus / _cby Angela Sheehan ; illustrated by Colin Newman. |
||
| 260 |
_aIllinois : _bRay Rourke Pub., _c1981. |
||
| 300 | _a21 p. : ill. ; cm. | ||
| 520 | _aFollows the path of a young brontosaurus over several days as he forages for leaves, mates, avoids a flesh-eating allosaurus, and escapes from forest fire. | ||
| 650 |
_aBrontosaurus _xJuvenile literature. |
||
| 650 | _aDinosaurs. | ||
| 999 |
_c110162 _d110162 |
||